00509nam a22002057a 450000500170000001000110001702000100002803500110003803700160004904000120006508200160007710000200009324500560011326000400016927000110020930000200022050000200024065000240026065000190028420170124110040.0 a404562 c00.00 a404562 bCen Lib/Ret aDPLbEN a882.08bWEL aWells, Henry W. aClassical drama of the orient /cby Henry W. Wells  aBombaybAsia Publishing Housec1965 bBombay a347p.c21cm(Hb) aIncludes index  aEnglish literature  aEnglish drama